00410 2200145 4500245009700000250001100097100001900108650002800127005001900155260003400174041001400208084001100222490002200233336000900255 aKamus Lengkap 700 Milyar b : Inggris - Indonesia Indonesia - InggriscNovia MaulidyahText aCet. 1 aNovia Maulidya aKamus Inggris Indonesia a20230510094911 aJakartabMediantara Indonesia aIndonesia a413.21 a623 hlm. ; 20 cm. atext